Normal view
MARC view
Entry Topical Term
001 - CONTROL NUMBER
- control field: 16147
003 - CONTROL NUMBER IDENTIFIER
- control field: BD-RjUL
005 - DATE AND TIME OF LATEST TRANSACTION
- control field: 20250721154742.0
008 - FIXED-LENGTH DATA ELEMENTS
- fixed length control field: 250721|| aca||aabn | a|a d
040 ## - CATALOGING SOURCE
- Original cataloging agency: BD-RjUL
- Transcribing agency: BD-RjUL
150 ## - HEADING--TOPICAL TERM
- Topical term or geographic name entry element: Islam
- General subdivision: Economic aspects
670 ## - SOURCE DATA FOUND
- Source citation: Work cat.: (BD-RjUL)85262: ইসলাম, মো. আশরাফুল 16142, আল-কুরআনের আলোকে যাকাত ব্যয়ের খাতসমূহ ও সমাজে এর প্রায়োগিক পদ্ধতি = (Heads of expenditure of Zakat in the light of the Quran and its Application System in Society) / / , ২০২৩